ბათუმის შოთა რუსთაველის სახელმწიფო უნივერსიტეტის ბიბლიოთეკა

Банковские технологии № 11(226) 2014 (ბიბ.ჩანაწერი № 47710)

000 -LEADER
fixed length control field 00370nam a2200133Ia 4500
001 - CONTROL NUMBER
control field 14581
003 - CONTROL NUMBER IDENTIFIER
control field GE_BSU
008 - FIXED-LENGTH DATA ELEMENTS--GENERAL INFORMATION
fixed length control field 181216s||||||||xx |||||||||||||| ||und||
040 ## - CATALOGING SOURCE
Transcribing agency GE_BSU
245 ## - TITLE STATEMENT
Title Банковские технологии № 11(226) 2014
245 ## - TITLE STATEMENT
Statement of responsibility, etc. Гл. ред.Ю.Н.Гордеев
653 ## - INDEX TERM--UNCONTROLLED
Uncontrolled term Банковские технологии
942 ## - ADDED ENTRY ELEMENTS (KOHA)
Koha item type პერიოდიკა

არაა ხელმისაწვდომი ეგზემპლარები.